The concise AACR2 : (Record no. 101941)
[ view plain ]
| 000 -LEADER | |
|---|---|
| fixed length control field | 00630nam a2200193 a 4500 |
| 005 - DATE AND TIME OF LATEST TRANSACTION | |
| control field | 20140412111222.0 |
| 008 - FIXED-LENGTH DATA ELEMENTS--GENERAL INFORMATION | |
| fixed length control field | 010327s19uu xx 00 eng d |
| 020 ## - INTERNATIONAL STANDARD BOOK NUMBER | |
| International Standard Book Number | 0-8389-3362-9 |
| 050 ## - LIBRARY OF CONGRESS CALL NUMBER | |
| Classification number | M 025.32 |
| Item number | G67 1989 |
| 100 ## - MAIN ENTRY--PERSONAL NAME | |
| Personal name | Gorman, Michael |
| 245 ## - TITLE STATEMENT | |
| Title | The concise AACR2 : |
| Remainder of title | 1988 revision / |
| Statement of responsibility, etc | prepared by Michael Gorman. |
| 260 ## - PUBLICATION, DISTRIBUTION, ETC. (IMPRINT) | |
| Place of publication, distribution, etc | Illinois : |
| Name of publisher, distributor, etc | American Library Association, |
| Date of publication, distribution, etc | 1989. |
| 300 ## - PHYSICAL DESCRIPTION | |
| Extent | 161 p. |
| 500 ## - GENERAL NOTE | |
| General note | Includes index. |
| 650 ## - SUBJECT ADDED ENTRY--TOPICAL TERM | |
| Topical term or geographic name as entry element | Anglo-American cataloging rules. |
| 650 ## - SUBJECT ADDED ENTRY--TOPICAL TERM | |
| Topical term or geographic name as entry element | Descriptive cataloging - Rules |
| 650 ## - SUBJECT ADDED ENTRY--TOPICAL TERM | |
| Topical term or geographic name as entry element | Anglo-American cataloguing rules (2nd ed., 1988 revision) |
| Withdrawn status | Lost status | Damaged status | Home library | Current library | Shelving location | Date acquired | Source of acquisition | Cost, normal purchase price | Total Checkouts | Full call number | Barcode | Date last seen | Price effective from | Koha item type |
|---|---|---|---|---|---|---|---|---|---|---|---|---|---|---|
| Elizalde Library | Elizalde Library | Main Section | 03/27/2001 | 460.00 | M 025.32 G67 1989 | E0135 | 04/12/2014 | 04/12/2014 | Books |